[Event "Quezon City Puregold op"]
[Site "Quezon City"]
[Date "2014.12.18"]
[Round "7"]
[White "Datu, Alcon John"]
[Black "Narayanan, Sunilduth Lyna"]
[Result "0-1"]
[WhiteElo "2264"]
[BlackElo "2437"]
[PlyCount "80"]
[EventDate "2014.12.14"]
[EventType "swiss"]
[EventRounds "9"]
[EventCountry "PHI"]
[SourceTitle "EXT 2016"]
[Source "ChessBase"]
[SourceDate "2015.10.08"]
[SourceVersion "1"]
[SourceVersionDate "2015.10.08"]
[SourceQuality "1"]

1. d4 Nf6 2. c4 e6 3. Nf3 d5 4. Nc3 Be7 5. Bf4 0-0 6. e3 Nbd7 7. h3 c5 8. cxd5 Nxd5 9. Nxd5 exd5 10. Bd3 c4 11. Bc2 b5 12. 0-0 Bb7 13. Ne5 Nxe5 14. Bxe5 g6 15. Qf3 Qd7 16. g4 f6 17. Bf4 Kg7 18. Kh1 c3 19. b3 Bd6 20. h4 b4 21. Rg1 a5 22. a4 bxa3 23. Bxd6 Qxd6 24. Qg3 Qe7 25. Ra2 Bc8 26. Qf4 Bd7 27. Rga1 g5 28. Qg3 gxh4 29. Qxh4 Kh8 30. Rxa3 Rg8 31. f3 Rg7 32. Rxa5 Rag8 33. Ra8 Qxe3 34. Rxg8+ Kxg8 35. Qxf6 Rf7 36. Qd8+ Kg7 37. Rg1 Qh6+ 38. Kg2 Qd2+ 39. Kg3 Bxg4 40. Kxg4 Qxd4+ 0-1

[Event "Quezon City Puregold op"]
[Site "Quezon City"]
[Date "2014.12.17"]
[Round "6"]
[White "Antonio, Rogelio Jr"]
[Black "Datu, Alcon John"]
[Result "1/2-1/2"]
[WhiteElo "2503"]
[BlackElo "2264"]
[PlyCount "80"]
[EventDate "2014.12.14"]
[EventType "swiss"]
[EventRounds "9"]
[EventCountry "PHI"]
[SourceTitle "EXT 2016"]
[Source "ChessBase"]
[SourceDate "2015.10.08"]
[SourceVersion "1"]
[SourceVersionDate "2015.10.08"]
[SourceQuality "1"]

1. e4 e5 2. Nf3 Nc6 3. Nc3 Nf6 4. Bb5 Nd4 5. 0-0 Nxb5 6. Nxb5 c6 7. Nc3 d6 8. d4 Qc7 9. Qd3 Be7 10. a4 a5 11. b3 0-0 12. Bb2 Re8 13. Rfe1 Bg4 14. Nd2 Rad8 15. d5 Nd7 16. Nc4 Nc5 17. Qg3 Bc8 18. Ne3 Bf8 19. Rf1 g6 20. f4 exf4 21. Rxf4 Bg7 22. Qf3 Na6 23. Rf1 Rf8 24. Ncd1 Nb4 25. Bxg7 Kxg7 26. c3 Na6 27. Nf2 Nc5 28. Nh3 Qe7 29. b4 axb4 30. cxb4 Nd3 31. Nf5+ Bxf5 32. Qxd3 Bxh3 33. Qxh3 cxd5 34. exd5 Rde8 35. Qc3+ Qe5 36. Rc1 f5 37. Rc4 Rf7 38. Rc7 Qxc3 39. R1xc3 Ree7 40. Rxe7 Rxe7 1/2-1/2

[Event "Quezon City Puregold op"]
[Site "Quezon City"]
[Date "2014.12.14"]
[Round "1"]
[White "Datu, Alcon John"]
[Black "Barbosa, Oliver"]
[Result "0-1"]
[WhiteElo "2264"]
[BlackElo "2533"]
[PlyCount "62"]
[EventDate "2014.12.14"]
[EventType "swiss"]
[EventRounds "9"]
[EventCountry "PHI"]
[SourceTitle "EXT 2016"]
[Source "ChessBase"]
[SourceDate "2015.10.08"]
[SourceVersion "1"]
[SourceVersionDate "2015.10.08"]
[SourceQuality "1"]

1. d4 d5 2. c4 c6 3. Nf3 Nf6 4. e3 Bf5 5. Nc3 e6 6. Nh4 Be4 7. f3 Bg6 8. Qb3 Qc7 9. Nxg6 hxg6 10. cxd5 cxd5 11. Nb5 Qb6 12. Bd2 a6 13. Qa4 Nc6 14. Rc1 Rd8 15. Nc3 Bd6 16. Qb3 Qa7 17. Ne2 0-0 18. Bc3 b5 19. Qd1 e5 20. b3 Rfe8 21. Kf2 g5 22. Bb2 Rc8 23. dxe5 Bxe5 24. Bxe5 Nxe5 25. Rxc8 Neg4+ 26. Ke1 Rxc8 27. Qd4 Qe7 28. Qd2 Nxh2 29. Nd4 g4 30. Kd1 gxf3 31. Nxf3 Ne4 0-1

[Event "ASEAN-ch U20 14th"]
[Site "Chiangmai"]
[Date "2013.06.12"]
[Round "7"]
[White "Datu, Alcon John"]
[Black "Mohammad, Nubairshah Shaikh"]
[Result "1-0"]
[WhiteElo "2296"]
[BlackElo "2224"]
[PlyCount "103"]
[EventDate "2013.06.08"]
[EventType "swiss"]
[EventRounds "9"]
[EventCountry "THA"]
[SourceTitle "EXT 2014"]
[Source "ChessBase"]
[SourceDate "2013.11.20"]
[SourceVersion "1"]
[SourceVersionDate "2013.11.20"]
[SourceQuality "1"]

1. d4 d5 2. c4 c6 3. Nf3 Nf6 4. e3 Bf5 5. Nc3 e6 6. Nh4 Be4 7. f3 Bg6 8. Qb3 Qc7 9. Bd2 Be7 10. Nxg6 hxg6 11. g3 Nbd7 12. Bg2 dxc4 13. Qxc4 Rxh2 14. Kf2 Rxh1 15. Rxh1 0-0-0 16. b4 Nb6 17. Qb3 e5 18. Qxf7 Bxb4 19. Qb3 Qe7 20. a3 Bd6 21. a4 exd4 22. exd4 Bc7 23. a5 Nbd5 24. a6 Bb6 25. Nxd5 Rxd5 26. Rh8+ Rd8 27. Bh3+ Kb8 28. Bf4+ Ka8 29. Bc8 Rxh8 30. axb7+ Qxb7 31. Bxb7+ Kxb7 32. Qf7+ Ka6 33. Qc4+ Kb7 34. Qf7+ Ka6 35. Be5 Rh2+ 36. Kg1 Rd2 37. Qxg7 Nd5 38. Qxg6 Kb5 39. Qb1+ Nb4 40. g4 a5 41. Qf1+ Nd3 42. g5 Kb4 43. Qb1+ Nb2 44. g6 Kb3 45. g7 Rd1+ 46. Qxd1+ Nxd1 47. g8Q+ Kc2 48. Qa2+ Nb2 49. Kg2 a4 50. d5 a3 51. Qxa3 Nc4 52. Qc3+ 1-0

[Event "ASEAN-ch U20 14th"]
[Site "Chiangmai"]
[Date "2013.06.09"]
[Round "3"]
[White "Garcia, Jan Emmanuel"]
[Black "Datu, Alcon John"]
[Result "1/2-1/2"]
[WhiteElo "2394"]
[BlackElo "2296"]
[PlyCount "62"]
[EventDate "2013.06.08"]
[EventType "swiss"]
[EventRounds "9"]
[EventCountry "THA"]
[SourceTitle "EXT 2014"]
[Source "ChessBase"]
[SourceDate "2013.11.20"]
[SourceVersion "1"]
[SourceVersionDate "2013.11.20"]
[SourceQuality "1"]

1. c4 c6 2. Nc3 d5 3. cxd5 cxd5 4. d4 Nf6 5. Nf3 Nc6 6. Bf4 Bf5 7. e3 e6 8. Bd3 Bxd3 9. Qxd3 Bd6 10. Bxd6 Qxd6 11. 0-0 0-0 12. Rfc1 Rfc8 13. h3 h6 14. Ne2 Ne7 15. Rxc8+ Rxc8 16. Rc1 Rxc1+ 17. Nxc1 a6 18. a3 Qc7 19. Ne2 Nd7 20. Qc3 Qxc3 21. Nxc3 Nc6 22. Ne1 Kf8 23. Nd3 Ke7 24. f4 b6 25. g4 g6 26. Kf2 f5 27. Kf3 Kf6 28. b4 a5 29. bxa5 bxa5 30. gxf5 gxf5 31. a4 Nb6 1/2-1/2

[Event "Tagaytay City zt 3.3"]
[Site "Tagaytay City"]
[Date "2011.05.27"]
[Round "5"]
[White "Datu, Alcon John"]
[Black "Dimakiling, Oliver"]
[Result "1/2-1/2"]
[WhiteElo "2218"]
[BlackElo "2408"]
[PlyCount "79"]
[EventDate "2011.05.24"]
[EventType "swiss"]
[EventRounds "9"]
[EventCountry "PHI"]
[SourceTitle "EXT 2012"]
[Source "ChessBase"]
[SourceDate "2011.11.24"]
[SourceVersion "1"]
[SourceVersionDate "2011.11.24"]
[SourceQuality "1"]

1. d4 Nf6 2. c4 g6 3. Nc3 Bg7 4. e4 0-0 5. Nf3 d6 6. Be2 e5 7. 0-0 Na6 8. Re1 exd4 9. Nxd4 Nc5 10. f3 Nh5 11. g3 Re8 12. Bf1 f5 13. Bg2 c6 14. Nb3 Be6 15. Nxc5 dxc5 16. Qxd8 Raxd8 17. Bg5 Rd3 18. exf5 gxf5 19. Rad1 Bxc3 20. bxc3 Rxc3 21. Bf1 Kf7 22. Re5 Nf6 23. Rxc5 Rxf3 24. Ra5 a6 25. Be2 Rc3 26. Bd2 Bxc4 27. Bxc3 Bxe2 28. Rd2 Nd5 29. Raxd5 cxd5 30. Rxd5 Bg4 31. Rd7+ Re7 32. Rxe7+ Kxe7 33. Kf2 Kd6 34. Ke3 Kc5 35. Kd3 Bf3 36. Bd2 Kb5 37. Kc3 Bd5 38. a3 Ka4 39. Kb2 Bg2 40. h4 1/2-1/2

[Event "Tagaytay City zt 3.3"]
[Site "Tagaytay City"]
[Date "2011.05.26"]
[Round "4"]
[White "Bitoon, Richard"]
[Black "Datu, Alcon John"]
[Result "1-0"]
[WhiteElo "2480"]
[BlackElo "2218"]
[PlyCount "65"]
[EventDate "2011.05.24"]
[EventType "swiss"]
[EventRounds "9"]
[EventCountry "PHI"]
[SourceTitle "EXT 2012"]
[Source "ChessBase"]
[SourceDate "2011.11.24"]
[SourceVersion "1"]
[SourceVersionDate "2011.11.24"]
[SourceQuality "1"]

1. e4 e5 2. Nf3 Nc6 3. Bb5 a6 4. Ba4 Nf6 5. 0-0 Be7 6. d4 exd4 7. e5 Ne4 8. Nxd4 0-0 9. Re1 Nc5 10. Bxc6 dxc6 11. Nc3 f5 12. exf6 Bxf6 13. Be3 Ne6 14. Nce2 Be5 15. c3 Qh4 16. g3 Qf6 17. f4 Bd6 18. Nf3 Nc5 19. Ned4 Bg4 20. Qc2 Rae8 21. Ng5 g6 22. b4 Nd7 23. Qb3+ Kg7 24. h3 h6 25. hxg4 hxg5 26. Nf3 Rxe3 27. Rxe3 gxf4 28. Re6 Qd8 29. Rae1 fxg3 30. Qc2 Rf6 31. Re8 Qxe8 32. Rxe8 Rxf3 33. Qe4 1-0

[Event "Manila Campomanes Memorial op"]
[Site "Manila"]
[Date "2010.08.28"]
[Round "1"]
[White "Datu, Alcon John"]
[Black "Caturla, Cesar"]
[Result "1/2-1/2"]
[WhiteElo "2203"]
[BlackElo "2250"]
[PlyCount "71"]
[EventDate "2010.08.28"]
[EventType "swiss"]
[EventRounds "9"]
[EventCountry "PHI"]
[SourceTitle "CBM 138 Extra"]
[Source "ChessBase"]
[SourceDate "2010.10.29"]
[SourceVersion "1"]
[SourceVersionDate "2010.10.29"]
[SourceQuality "1"]

1. c4 c5 2. Nc3 Nc6 3. g3 g6 4. Bg2 Bg7 5. e3 Nf6 6. Nge2 0-0 7. d4 d6 8. 0-0 Rb8 9. b3 Bd7 10. Bb2 a6 11. Qd2 Qc8 12. dxc5 dxc5 13. Nd5 Bg4 14. Nxf6+ Bxf6 15. Bxf6 Bxe2 16. Qxe2 exf6 17. Rfd1 Qe6 18. Rd2 Rbd8 19. Rad1 Rxd2 20. Rxd2 Rd8 21. Rd5 Qe7 22. Qd2 Kg7 23. h4 h5 24. a3 b6 25. f4 a5 26. Kf2 f5 27. a4 Kg8 28. Rxd8+ Nxd8 29. Bd5 Qf6 30. Kg2 Kg7 31. Kh2 Nc6 32. Bxc6 Qxc6 33. Qc3+ Kg8 34. Qd3 Qf6 35. Kg2 Qc6+ 36. Kf2 1/2-1/2

[Event "Asian Continental op 09th"]
[Site "Olongapo City"]
[Date "2010.04.21"]
[Round "1"]
[White "Datu, Alcon John"]
[Black "Nguyen, Huynh Minh Huy"]
[Result "0-1"]
[WhiteElo "2220"]
[BlackElo "2469"]
[PlyCount "102"]
[EventDate "2010.04.21"]
[EventType "swiss"]
[EventRounds "9"]
[EventCountry "PHI"]
[SourceTitle "CBM 136 Extra"]
[Source "ChessBase"]
[SourceDate "2010.07.02"]
[SourceVersion "2"]
[SourceVersionDate "2010.07.15"]
[SourceQuality "1"]

1. d4 d5 2. Nf3 Nf6 3. c4 c6 4. Nc3 a6 5. c5 Bf5 6. Bf4 Nbd7 7. e3 Nh5 8. Bd3 Nxf4 9. exf4 Bg4 10. h3 Bxf3 11. Qxf3 g6 12. 0-0 Bg7 13. Ne2 0-0 14. Rac1 e6 15. Rfd1 b6 16. b4 Qb8 17. Rb1 Qc7 18. Qe3 Rfb8 19. Qd2 Ra7 20. Rdc1 Bf8 21. Qc2 Qd8 22. Qa4 a5 23. a3 b5 24. Qc2 axb4 25. axb4 Rba8 26. g3 Bg7 27. Qd2 f6 28. Nc3 Qb8 29. Re1 Nf8 30. Bc2 Kh8 31. h4 Ra3 32. Rb3 R3a7 33. Kg2 Qc7 34. h5 gxh5 35. Rh1 f5 36. Rxh5 Bf6 37. Bb1 Ra3 38. Rxa3 Rxa3 39. Rh1 Qa7 40. Ne2 Qa4 41. g4 fxg4 42. f5 Qb3 43. Ng3 Qf3+ 44. Kg1 Ra1 45. Qb2 Rxb1+ 46. Qxb1 Bxd4 47. Qc2 Qxg3+ 48. Kf1 Qf3 49. Rg1 exf5 50. Rg3 Qf4 51. Qe2 h5 0-1

[Event "Wch U16"]
[Site "Vung Tau"]
[Date "2008.10.21"]
[Round "2"]
[White "Yilmaz, Mustafa"]
[Black "Datu, Alcon John"]
[Result "1-0"]
[WhiteElo "2387"]
[BlackElo "2159"]
[PlyCount "133"]
[EventDate "2008.10.20"]
[EventType "swiss"]
[EventRounds "11"]
[EventCountry "VIE"]
[SourceTitle "EXT 2009"]
[Source "ChessBase"]
[SourceDate "2008.11.26"]
[SourceVersion "1"]
[SourceVersionDate "2008.11.26"]
[SourceQuality "1"]

1. e4 Nf6 2. e5 Nd5 3. d4 d6 4. Nf3 Bg4 5. Be2 e6 6. 0-0 Be7 7. h3 Bh5 8. c4 Nb6 9. Nc3 0-0 10. exd6 cxd6 11. Bf4 d5 12. c5 Bxf3 13. Bxf3 Nc8 14. b4 Nc6 15. b5 Na5 16. Qc2 Bf6 17. Rad1 Ne7 18. Rfe1 Rc8 19. Bg4 Ng6 20. Bh2 Re8 21. Ne2 Nc4 22. a4 Qa5 23. Rf1 a6 24. Nc3 Ra8 25. bxa6 Qxa6 26. Be2 Rec8 27. Qb3 Ne7 28. Bf4 Nc6 29. Be3 Rcb8 30. Qb5 Qa5 31. Qxa5 Rxa5 32. Bxc4 dxc4 33. Rd2 Rd8 34. Rb1 Ra7 35. Rbd1 Nb4 36. g4 h6 37. Kg2 Nd3 38. Kf1 Kh7 39. Rb1 Rd7 40. Rbd1 Ra6 41. Rb1 Ra8 42. Rb5 g5 43. a5 Ra7 44. Ne2 Bd8 45. Ra2 f5 46. gxf5 exf5 47. f3 Kg6 48. Ra4 Re7 49. Bd2 Rd7 50. Bc3 h5 51. Rxc4 Ra6 52. Bd2 g4 53. Rc3 gxf3 54. Rxd3 fxe2+ 55. Kxe2 Re6+ 56. Kf3 Re4 57. d5 Rh4 58. Kf2 Rc4 59. d6 Bf6 60. Kf3 h4 61. Be3 Bd8 62. Rdb3 Kf6 63. Rxb7 Rxb7 64. Rxb7 Bxa5 65. Ra7 Bd8 66. Ra8 f4 67. Bf2 1-0

[Event "World ol U16 07th"]
[Site "Mersin"]
[Date "2008.08.19"]
[Round "4"]
[White "Datu, Alcon John"]
[Black "Kanmazalp, Ogulcan"]
[Result "1/2-1/2"]
[WhiteElo "2138"]
[BlackElo "2281"]
[PlyCount "180"]
[EventDate "2008.08.17"]
[EventType "team-swiss"]
[EventRounds "10"]
[EventCountry "TUR"]
[SourceTitle "CBM 126 Extra"]
[Source "ChessBase"]
[SourceDate "2008.11.05"]
[SourceVersion "1"]
[SourceVersionDate "2008.11.05"]
[SourceQuality "1"]

1. Nf3 Nf6 2. d4 g6 3. Bg5 Bg7 4. Nbd2 0-0 5. c3 d6 6. e4 c5 7. dxc5 dxc5 8. Qc2 Nc6 9. Be2 Qc7 10. 0-0 h6 11. Be3 b6 12. h3 Nh5 13. Rfd1 Nf4 14. Bf1 g5 15. Ne1 Ne5 16. Nc4 Be6 17. Nxe5 Bxe5 18. Nf3 Bg7 19. Rd2 f5 20. exf5 Bxf5 21. Qb3+ Kh8 22. Nh2 Rad8 23. Rad1 Rxd2 24. Rxd2 Be4 25. f3 Bc6 26. Bf2 e5 27. g3 Nh5 28. Qe6 e4 29. Rd6 e3 30. Be1 Rf6 31. Rxc6 Qxc6 32. Qxe3 Re6 33. Qd2 Qd6 34. Qxd6 Rxd6 35. Be2 Nf6 36. Kf2 Nd7 37. Ng4 Ne5 38. Nxe5 Bxe5 39. Ke3 Re6 40. Kd2 Kg7 41. Bd3 Rd6 42. Ke2 Kf6 43. b3 Rd8 44. a4 h5 45. Bb5 Bc7 46. Bd3 Rh8 47. Be4 h4 48. g4 Bf4 49. c4 Rd8 50. Bc3+ Be5 51. Be1 Rd7 52. Bf5 Re7 53. Be4 Rg7 54. Bd5 Ke7 55. Bd2 Kd6 56. Be4 Bf4 57. Bc3 Rg8 58. Be1 Rb8 59. Bc3 Be5 60. Bd2 Rg8 61. Bd5 Rg7 62. Be4 Ke6 63. Bd5+ Kf6 64. Be1 Re7 65. Be4 Re8 66. Bc6 Re6 67. Bd5 Re7 68. Be4 Ke6 69. Bd5+ Kd6 70. Be4 Re8 71. Bg6 Rb8 72. Be4 Kc7 73. Bd2 Bf4 74. Be1 a6 75. Bd3 Rd8 76. Be4 Rb8 77. Bd3 Kb7 78. Be4+ Ka7 79. Bf2 Rd8 80. Bd3 Re8+ 81. Be4 Re5 82. Kd3 Kb8 83. Be1 Kc7 84. Ke2 Kd6 85. Bc3 Re7 86. Be1 Ra7 87. Bd3 Re7+ 88. Be4 Ra7 89. Bd3 Re7+ 90. Be4 Ra7 1/2-1/2